000 00303nam a22001217a 4500
008 230620b xxu||||| |||| 00| 0 eng d
082 _a341.48
_bUNI
110 _bUN
_cNew York
_d1991
245 _aConvention on the Rights of the Child
260 _aNew York
_bUN
_c1991
300 _a54p
942 _2ddc
_cBK
999 _c1740
_d1740